00309pab a2200133 454500008004000000100001600040245004000056260000900096300000900105362001100114650001900125650001100144773002000155180718b1996 xxu||||| |||| 00| 0 eng d aJoshi, G.P. aSectarian virus in the police force c1996 ap.11 a12 Nov aPolice - India aPolice aHindustan Times